Advances in geophysics (Record no. 3374)

MARC details
000 -LEADER
fixed length control field 00550nam a2200193Ia 4500
003 - CONTROL NUMBER IDENTIFIER
control field IN-BaIIA
008 - FIXED-LENGTH DATA ELEMENTS--GENERAL INFORMATION
fixed length control field 211028s9999 xx 000 0 eng d
040 ## - CATALOGING SOURCE
Transcribing agency IIA Library
080 ## - UNIVERSAL DECIMAL CLASSIFICATION NUMBER
Universal Decimal Classification number 550.3(047.1)
Item number ADV-13
100 ## - MAIN ENTRY--PERSONAL NAME
Personal name Landsberg, H. E.
9 (RLIN) 3316
245 #0 - TITLE STATEMENT
Title Advances in geophysics
Remainder of title vol. 13
Statement of responsibility, etc. H. E. Landsberg and Van Mieghem J.
260 ## - PUBLICATION, DISTRIBUTION, ETC.
Place of publication, distribution, etc. New York
Name of publisher, distributor, etc. Academic Press
Date of publication, distribution, etc. 1969
300 ## - PHYSICAL DESCRIPTION
Extent x, 267p.
650 ## - SUBJECT ADDED ENTRY--TOPICAL TERM
Topical term or geographic name entry element Astronomy and Astrophysics Thesaurus
650 ## - SUBJECT ADDED ENTRY--TOPICAL TERM
Topical term or geographic name entry element Earth
650 ## - SUBJECT ADDED ENTRY--TOPICAL TERM
Topical term or geographic name entry element Geophysics
9 (RLIN) 54
700 ## - ADDED ENTRY--PERSONAL NAME
Personal name Van Mieghem, J.
9 (RLIN) 5988
942 ## - ADDED ENTRY ELEMENTS (KOHA)
Koha item type Books
Holdings
Withdrawn status Lost status Damaged status Not for loan Home library Current library Shelving location Date acquired Cost, normal purchase price Total Checkouts Full call number Barcode Date last seen Cost, replacement price Price effective from Koha item type Purchase Price
        IIA Library-Bangalore IIA Library-Kodaikanal General Stacks 03/01/1970 104.40   550.3(047.1)/ ADV-13 3749 05/11/2021 104.40 03/01/1970 Books Rs. 104.40

Powered by Koha